000 00197nam a2200109Ia 4500
100 _a#N/A
942 _cBK
654 _anokia
245 _aNokia PC Suite 6.5
260 _b#N/A
546 _aENGLISH
999 _c22333
_d22333